| 000 | 01389nam a22002057a 4500 | ||
|---|---|---|---|
| 005 | 20241016164728.0 | ||
| 010 | _aB-760403-413 07/24,CHHN | ||
| 020 |
_c175.00 _a9789354096624 |
||
| 035 | _aB-760403-413 | ||
| 037 | _bबुकवेल पब्लिकेशन | ||
| 082 | _aक | ||
| 100 |
_aशर्मा,रोचिका अरूण _972896 |
||
| 245 |
_aकिताबों से बातें / _cरोचिका अरूण शर्माःममता रानी द्वारा संपादित |
||
| 260 |
_aनई दिल्ली _bप्रकाशन विभाग _c2022 |
||
| 270 |
_aसूचना और प्रसारण मंत्रालय, भारत सरकार, सूचना भवन, सी.जी.ओ.कॉम्प्लेक्स, लोदी रोड _bनई दिल्ली _e110003 |
||
| 300 |
_a57पृ.: _c24सेमी (अजिल्द) _bसचित्र |
||
| 700 |
_aममता रानी _969552 |
||
| 942 |
_2ddc _cCH _hक _mशर्मारो |
||
| 999 |
_c205106 _d205106 |
||